000 00498nam a2200169 i 4500
001 34821
003 ES-MaACL
005 20230906155013.0
007 t|
008 030211s1889 sp ||||1| spa d
100 1 _aBoix, E.
_929887
245 1 0 _aEstabilidad de las construcciones de mamposteria /
_cE. Boix.
260 _aMadrid :
_b[s.n.,
_c1889] (
_fImp. de Gregorio Juste)
300 _a2 v. ;
_c24 cm.
505 8 _aContiene: [V. I]: Texto. -- [V. II]: Atlas
852 _aES-MaACL
_jF-12337-38
999 _c34821
_d34821